[Event "EU-chT Seniors 05th"]
[Site "Dresden"]
[Date "2003.02.24"]
[Round "2.2"]
[White "Tuerk, Heinz"]
[Black "Forselv, Edmund"]
[Result "1/2-1/2"]
[WhiteElo "2120"]
[BlackElo "1853"]
[EventDate "2003.02.23"]
[PlyCount "45"]

1.e4 d5 2.exd5 Qxd5 3.Nc3 Qa5 4.d4 Nf6 5.Bc4 Bf5 6.Nf3 e6 7.Bd2 c6 8.Bb3 
Bb4 9.a3 Bxc3 10.Bxc3 Qc7 11.O-O Nbd7 12.Re1 Ne4 13.Qd3 Qf4 14.Qe3 Qxe3 
15.Rxe3 Nxc3 16.Rxc3 O-O 17.Re1 Nf6 18.Rce3 Nd5 19.Bxd5 cxd5 20.Rb3 b6 21.
c3 Bc2 22.Rb5 Rab8 23.Rc1 1/2-1/2

[Event "EU-chT Seniors 05th"]
[Site "Dresden"]
[Date "2003.02.24"]
[Round "2.2"]
[White "Villing, Dieter"]
[Black "Chernikov, Oleg L"]
[Result "0-1"]
[WhiteElo "2171"]
[BlackElo "2459"]
[EventDate "2003.02.23"]
[PlyCount "44"]

1.e4 c5 2.f4 d6 3.Nf3 a6 4.Nc3 g6 5.b3 Bg7 6.Bb2 Nc6 7.Bd3 Nf6 8.Qe2 O-O 
9.O-O-O b5 10.Rdf1 Rb8 11.Qe1 Qa5 12.e5 dxe5 13.fxe5 Ng4 14.Nd5 Qd8 15.h3 
Nh6 16.Ne3 Nb4 17.Be4 Nxa2+ 18.Kb1 Nb4 19.g4 f5 20.exf6 exf6 21.c3 Re8 22.
cxb4 Rxe4 0-1

[Event "EU-chT Seniors 05th"]
[Site "Dresden"]
[Date "2003.02.24"]
[Round "2.2"]
[White "Watzka, Horst"]
[Black "Lindner, Jan Joost"]
[Result "1/2-1/2"]
[WhiteElo "2337"]
[BlackElo "2093"]
[EventDate "2003.02.23"]
[PlyCount "37"]

1.e4 e6 2.Nc3 d5 3.d4 Bb4 4.exd5 exd5 5.Bd3 Qf6 6.Ne2 Ne7 7.O-O c6 8.Bf4 
Bf5 9.a3 Bxc3 10.bxc3 O-O 11.Qd2 Bxd3 12.cxd3 Nd7 13.Rfe1 Rfe8 14.a4 b6 
15.h3 h6 16.Bh2 Ng6 17.Nf4 Ndf8 18.Nxg6 Nxg6 19.Re2 1/2-1/2

[Event "EU-chT Seniors 05th"]
[Site "Dresden"]
[Date "2003.02.24"]
[Round "2.3"]
[White "Bachmann, Karlheinz"]
[Black "Stuerzenbaum, Arthur"]
[Result "1-0"]
[WhiteElo "2281"]
[BlackElo "2194"]
[EventDate "2003.02.23"]
[PlyCount "93"]

1.Nf3 Nf6 2.d4 g6 3.g3 Bg7 4.Bg2 d6 5.O-O O-O 6.c4 Nbd7 7.Nc3 e5 8.e4 c6 
9.Re1 Qb6 10.d5 cxd5 11.cxd5 Nc5 12.Rb1 a5 13.b3 Bd7 14.a3 Ng4 15.Rb2 f5 
16.Na4 Bxa4 17.bxa4 Qd8 18.Ng5 Qe7 19.Ne6 Rfc8 20.Rb5 Nxe6 21.dxe6 Rc7 22.
exf5 gxf5 23.Bd2 Bh6 24.Bxa5 Rc1 25.Qe2 Rac8 26.Bd2 R1c2 27.Rd1 R8c7 28.
Qe1 Bxd2 29.Rxd2 Rc1 30.Rd1 R1c2 31.f3 Nf6 32.Qb4 Rc1 33.Qd2 Rxd1+ 34.Qxd1
Qxe6 35.Qb1 Qc8 36.Bf1 Kg7 37.Rb6 d5 38.Qb4 Ne8 39.Qh4 Kh8 40.Qh6 Rg7 41.
Qe6 Qxe6 42.Rxe6 Nc7 43.Rxe5 Rf7 44.f4 Kg7 45.Bd3 d4 46.Bxf5 Kf6 47.Kf2 
1-0

[Event "EU-chT Seniors 05th"]
[Site "Dresden"]
[Date "2003.02.24"]
[Round "2.3"]
[White "Dorawa, Bernhard"]
[Black "Wiggens, Andrew"]
[Result "1/2-1/2"]
[WhiteElo "2152"]
[BlackElo "1820"]
[EventDate "2003.02.23"]
[PlyCount "91"]

1.e4 g6 2.Nc3 d6 3.d4 c6 4.g3 Bg7 5.Bg2 Qb6 6.Nge2 Nf6 7.O-O O-O 8.Rb1 e5 
9.d5 cxd5 10.Nxd5 Nxd5 11.Qxd5 Be6 12.Qd3 Rc8 13.b3 Nc6 14.c4 Nb4 15.Qd2 
a5 16.Ba3 Qc5 17.Nc3 Qd4 18.Rfd1 Qxd2 19.Rxd2 Bf8 20.Bb2 Rd8 21.a4 Bh6 22.
Re2 Nd3 23.Ba3 Nc5 24.Nd5 Bxd5 25.cxd5 Rac8 26.Bh3 Rc7 27.Rc2 b6 28.Bxc5 
bxc5 29.Bf1 f5 30.Re1 fxe4 31.Rxe4 Rf7 32.Bc4 Rf3 33.Kg2 Rdf8 34.Re1 Bg7 
35.Re3 Rxe3 36.fxe3 e4 37.Rf2 Rxf2+ 38.Kxf2 Kf7 39.Kg2 Bb2 40.Kf2 Kf6 41.
Ba6 Ke5 42.Bb7 Bc1 43.Ke2 h5 44.h3 Kf6 45.Bc8 Bb2 46.Bb7 1/2-1/2

[Event "EU-chT Seniors 05th"]
[Site "Dresden"]
[Date "2003.02.24"]
[Round "2.3"]
[White "Gafke, Manfred"]
[Black "Reuben, Stewart"]
[Result "0-1"]
[WhiteElo "1695"]
[BlackElo "2161"]
[EventDate "2003.02.23"]
[PlyCount "114"]

1.d4 Nf6 2.Nf3 c5 3.c3 b6 4.Bf4 Ba6 5.g3 e6 6.Bg2 Bb7 7.O-O Be7 8.Nbd2 O-O
9.dxc5 bxc5 10.Qc2 d5 11.Rad1 Nbd7 12.Ne5 Nh5 13.Nxd7 Qxd7 14.Be3 f5 15.
Nb3 Qc7 16.Bf3 f4 17.Bxh5 fxe3 18.fxe3 Qe5 19.Bf3 Qxe3+ 20.Kg2 Ba6 21.Qd2 
Qxd2 22.Nxd2 Rab8 23.b3 Bg5 24.Bg4 Rfe8 25.Rf2 Be3 26.Rff1 Re7 27.Rfe1 Rf8
28.Bf3 Rd8 29.Nf1 Bg5 30.Nd2 e5 31.Ne4 Be3 32.c4 Bb7 33.cxd5 Bxd5 34.Nc3 
Bxf3+ 35.exf3 Rxd1 36.Rxd1 Bd4 37.Ne4 Rc7 38.Rc1 Kf7 39.b4 Ke6 40.bxc5 Kd5
41.c6 Rxc6 42.Rxc6 Kxc6 43.Kf1 Kb5 44.Nd6+ Ka4 45.Nc4 Kb4 46.Nd6 a5 47.Ke2
Ka3 48.Nc4+ Kb4 49.Kd3 a4 50.h4 Bf2 51.g4 Bxh4 52.Nxe5 Ka3 53.Kc2 Kxa2 54.
Nc4 Bf6 55.f4 h6 56.Nb6 Ka3 57.Nc4+ Kb4 0-1

[Event "EU-chT Seniors 05th"]
[Site "Dresden"]
[Date "2003.02.24"]
[Round "2.3"]
[White "Harzer, Paul"]
[Black "Neumann, Horst"]
[Result "1-0"]
[WhiteElo "2027"]
[BlackElo "2018"]
[EventDate "2003.02.23"]
[PlyCount "67"]

1.d4 d5 2.e3 Nf6 3.Bd3 Bg4 4.f3 Bh5 5.Ne2 Bg6 6.O-O e6 7.Ng3 Bd6 8.f4 Bxd3
9.cxd3 Nc6 10.Nd2 Qd7 11.Nf3 h5 12.Ne5 Qe7 13.Bd2 h4 14.Ne2 Nd7 15.Rc1 
Bxe5 16.dxe5 f5 17.Nd4 Nxd4 18.exd4 c6 19.Qb3 O-O-O 20.Bb4 Qf7 21.Qa4 Kb8 
22.Bd6+ Ka8 23.Rxc6 Rc8 24.Rc3 Nb6 25.Qa5 Rxc3 26.bxc3 Rc8 27.Rb1 Rc6 28.
Bc5 Qc7 29.Bxb6 Rxb6 30.Rxb6 Qxb6 31.Qxb6 axb6 32.c4 dxc4 33.dxc4 Kb8 34.
d5 1-0

[Event "EU-chT Seniors 05th"]
[Site "Dresden"]
[Date "2003.02.24"]
[Round "2.3"]
[White "Kahn, Peter"]
[Black "Boeckenhaupt, Rudi"]
[Result "1-0"]
[WhiteElo "2143"]
[BlackElo "2145"]
[EventDate "2003.02.23"]
[PlyCount "133"]

1.d4 e6 2.e4 c5 3.c3 b6 4.Bd3 Bb7 5.Ne2 d5 6.e5 c4 7.Bc2 Ne7 8.O-O h6 9.
Ng3 g6 10.Be3 Nbc6 11.Nd2 b5 12.Nf3 Qd7 13.h3 Nf5 14.Nh2 Bg7 15.Qd2 O-O-O 
16.b4 a6 17.a4 Kc7 18.Ra2 Kb6 19.Rfa1 Qe7 20.Nf3 Kc7 21.axb5 axb5 22.Nh2 
Rdf8 23.Bf4 Kd7 24.Nf3 Rfg8 25.Be3 Nxe3 26.Qxe3 h5 27.Ng5 Bh6 28.f4 h4 29.
Nh1 Bxg5 30.fxg5 Rh5 31.Nf2 Qxg5 32.Qf3 Ke7 33.Ng4 Rhh8 34.Rf1 Rf8 35.Nf6 
Kd8 36.Rfa1 Kc7 37.Kh1 Qg3 38.Qxg3 hxg3 39.Kg1 Ne7 40.Kf1 Rh4 41.Ke2 Nf5 
42.Bxf5 gxf5 43.Kf3 f4 44.Ng4 f5 45.exf6 Rxg4 46.Kxg4 Rxf6 47.Re1 Kd6 48.
Rae2 Bc8 49.Kf3 Bd7 50.Re5 Rf7 51.Ra1 Bc6 52.Ra6 Rf6 53.Ra7 Bd7 54.Ra8 Ke7
55.Rh8 Be8 56.Rh4 Bg6 57.Rxf4 Be4+ 58.Kxg3 Rxf4 59.Kxf4 Bxg2 60.h4 Kf6 61.
Rg5 Be4 62.Rg8 Bc2 63.h5 e5+ 64.dxe5+ Kf7 65.Rd8 Be4 66.Rb8 Ke6 67.Ke3 1-0

[Event "EU-chT Seniors 05th"]
[Site "Dresden"]
[Date "2003.02.24"]
[Round "2.3"]
[White "Lewicki, Wieslaw"]
[Black "Beckel, Friedrich"]
[Result "0-1"]
[WhiteElo "2000"]
[BlackElo "2127"]
[EventDate "2003.02.23"]
[PlyCount "64"]

1.e4 c5 2.Nf3 d6 3.d4 cxd4 4.c3 dxc3 5.Nxc3 Nc6 6.Bc4 a6 7.O-O Nf6 8.Qe2 
Bg4 9.Rd1 e6 10.h3 Bxf3 11.gxf3 Be7 12.f4 Qc7 13.Be3 b5 14.Bb3 O-O 15.Rac1
Qb7 16.f3 Na5 17.e5 Nxb3 18.axb3 dxe5 19.fxe5 Nd7 20.Ne4 Nxe5 21.Bd4 Ng6 
22.Qg2 e5 23.Be3 Rfd8 24.Rxd8+ Rxd8 25.Qc2 Qd5 26.Kh2 f5 27.Ng5 f4 28.Nxh7
fxe3 29.Qxg6 Qd2+ 30.Qg2 Kxh7 31.Rg1 Qxg2+ 32.Rxg2 Rd2 0-1

[Event "EU-chT Seniors 05th"]
[Site "Dresden"]
[Date "2003.02.24"]
[Round "2.3"]
[White "Petzold, Hans"]
[Black "Rahls, Peter"]
[Result "1-0"]
[WhiteElo "1911"]
[BlackElo "2295"]
[EventDate "2003.02.23"]
[PlyCount "73"]

1.e4 c5 2.Nc3 a6 3.g3 Nc6 4.Bg2 g6 5.f4 d6 6.Nf3 Bg7 7.d3 Nf6 8.O-O O-O 9.
Ne2 Bd7 10.h3 Qc7 11.Nh4 Rac8 12.f5 Nd4 13.c3 Nxe2+ 14.Qxe2 Nh5 15.Qf3 Bc6
16.g4 Nf6 17.Qf2 b5 18.Be3 Qb7 19.Rae1 c4 20.g5 Nd7 21.d4 Bxe4 22.Bxe4 
Qxe4 23.Bf4 Qc6 24.Rxe7 Nb6 25.f6 Bh8 26.Re2 Nd5 27.Qg3 Rfd8 28.Ng2 Bxf6 
29.gxf6 Nxf6 30.Qh4 Ne4 31.Bh6 f5 32.Ne3 Rd7 33.Nxf5 gxf5 34.Rg2+ Kh8 35.
Rxf5 d5 36.Bf4 h6 37.Rh5 1-0

[Event "EU-chT Seniors 05th"]
[Site "Dresden"]
[Date "2003.02.24"]
[Round "2.3"]
[White "Schroeder, Christian"]
[Black "Ehlert, Joachim"]
[Result "1/2-1/2"]
[WhiteElo "2152"]
[BlackElo "1888"]
[EventDate "2003.02.23"]
[PlyCount "38"]

1.d4 Nf6 2.c4 g6 3.Nc3 Bg7 4.e4 O-O 5.Be3 d6 6.h3 c6 7.Nge2 b5 8.Ng3 bxc4 
9.Bxc4 d5 10.Be2 dxe4 11.Ngxe4 Nd5 12.Nxd5 cxd5 13.Nc5 Nd7 14.Rc1 Qa5+ 15.
Qd2 Qxa2 16.O-O Nxc5 17.Rxc5 Rb8 18.Ra5 Qxb2 19.Qxb2 Rxb2 1/2-1/2

[Event "EU-chT Seniors 05th"]
[Site "Dresden"]
[Date "2003.02.24"]
[Round "2.3"]
[White "Shabanov, Yuri"]
[Black "Eis, Helko"]
[Result "1/2-1/2"]
[WhiteElo "2442"]
[BlackElo "2092"]
[EventDate "2003.02.23"]
[PlyCount "62"]

1.e4 d6 2.d4 Nf6 3.Nc3 c6 4.h3 Qa5 5.Bd3 e5 6.Nf3 Nbd7 7.O-O Be7 8.a4 O-O 
9.Be3 Rd8 10.Nd2 d5 11.exd5 Nxd5 12.Nxd5 cxd5 13.dxe5 Nxe5 14.Bxh7+ Kxh7 
15.Qh5+ Kg8 16.Qxe5 Bf6 17.Nb3 Qb4 18.Qh5 d4 19.Bd2 Qc4 20.Rfc1 Rd5 21.Qd1
Bf5 22.Be1 Re8 23.Nd2 Qc7 24.Nf3 Qd7 25.Bd2 d3 26.cxd3 Rxd3 27.Ra3 Bxb2 
28.Rxd3 Qxd3 29.Rc5 Rd8 30.Qf1 Be4 31.Qxd3 Bxd3 1/2-1/2

[Event "EU-chT Seniors 05th"]
[Site "Dresden"]
[Date "2003.02.24"]
[Round "2.3"]
[White "Strand, Karl W"]
[Black "Schulz, Wolfgang"]
[Result "1-0"]
[WhiteElo "1819"]
[BlackElo "2119"]
[EventDate "2003.02.23"]
[PlyCount "47"]

1.e4 c5 2.Nf3 d6 3.Bb5+ Bd7 4.Bxd7+ Qxd7 5.c4 Nc6 6.d4 Qg4 7.d5 Qxe4+ 8.
Be3 Nb4 9.Qa4+ Kd8 10.O-O Qxc4 11.a3 Qxd5 12.axb4 cxb4 13.Qxb4 b6 14.Nc3 
Qb7 15.Rfd1 f6 16.Nd4 Nh6 17.Qb5 Qd7 18.Nc6+ Kc8 19.Bxb6 a6 20.Rxa6 Rxa6 
21.Qxa6+ Qb7 22.Qb5 Qa8 23.Na7+ Kb8 24.Bd8+ 1-0

[Event "EU-chT Seniors 05th"]
[Site "Dresden"]
[Date "2003.02.24"]
[Round "2.3"]
[White "Vager, Boris"]
[Black "Nowarra, Waltraud"]
[Result "1-0"]
[WhiteElo "2262"]
[BlackElo "2212"]
[EventDate "2003.02.23"]
[PlyCount "87"]

1.d4 d5 2.Nf3 Nf6 3.Bf4 e6 4.e3 Bd6 5.Bxd6 Qxd6 6.c3 Nbd7 7.Nbd2 c6 8.Be2 
e5 9.dxe5 Nxe5 10.O-O Bg4 11.h3 Nxf3+ 12.Nxf3 Bxf3 13.Bxf3 O-O 14.Qb3 Qc7 
15.Rfd1 Rfe8 16.Rd4 Nd7 17.g3 Nc5 18.Qc2 Ne6 19.Rd2 Ng5 20.Bg2 Ne4 21.Rd4 
f5 22.c4 dxc4 23.Bxe4 Rxe4 24.Rxe4 fxe4 25.Qxc4+ Qf7 26.Qxe4 Rf8 27.Qc2 
Qe6 28.Qb3 Qxb3 29.axb3 a6 30.Rd1 h6 31.Rd7 Rf7 32.Rxf7 Kxf7 33.Kf1 c5 34.
Ke2 Ke6 35.Kd3 b5 36.f4 a5 37.g4 Kd5 38.e4+ Ke6 39.h4 Kd6 40.h5 Ke6 41.g5 
Kd6 42.Ke3 Ke6 43.f5+ Ke5 44.f6 1-0

[Event "EU-chT Seniors 05th"]
[Site "Dresden"]
[Date "2003.02.24"]
[Round "2.3"]
[White "Vink, Wim"]
[Black "Titz, Heimo"]
[Result "0-1"]
[WhiteElo "2082"]
[BlackElo "2326"]
[EventDate "2003.02.23"]
[PlyCount "66"]

1.c4 c5 2.Nc3 Nc6 3.g3 g6 4.Bg2 Bg7 5.e3 e5 6.Nge2 Nge7 7.O-O O-O 8.b3 d6 
9.Bb2 a6 10.Nd5 Nxd5 11.cxd5 Ne7 12.d3 b5 13.f4 Nf5 14.Qc1 exf4 15.Bxg7 
Nxg7 16.gxf4 Bg4 17.Ng3 Nh5 18.Nxh5 Bxh5 19.e4 Be2 20.Re1 Bxd3 21.Qe3 c4 
22.e5 Rb8 23.Be4 Bxe4 24.Qxe4 Rc8 25.Re3 Re8 26.Rd1 c3 27.Rc1 Qb6 28.Kg2 
b4 29.h4 Rcd8 30.h5 dxe5 31.fxe5 Rxd5 32.Qxd5 Qxe3 33.Rf1 Qg5+ 0-1

[Event "EU-chT Seniors 05th"]
[Site "Dresden"]
[Date "2003.02.24"]
[Round "2.3"]
[White "Vucenovic, Dragomir"]
[Black "Landgraf, Siegfried"]
[Result "0-1"]
[WhiteElo "2300"]
[BlackElo "2106"]
[EventDate "2003.02.23"]
[PlyCount "88"]

1.Nf3 g6 2.g3 Bg7 3.c4 d6 4.d4 Nd7 5.Bg2 e5 6.O-O Ngf6 7.Nc3 O-O 8.h3 c6 
9.e4 Qe7 10.Re1 Ne8 11.d5 c5 12.Be3 f5 13.Qd2 Nb6 14.Bf1 f4 15.gxf4 exf4 
16.Bxc5 dxc5 17.e5 Bf5 18.a4 a5 19.Ra3 Rd8 20.Rb3 Nc8 21.d6 Qd7 22.Qd5+ 
Be6 23.Qxb7 Bxh3 24.Qxd7 Bxd7 25.Ne4 Bxa4 26.Ra3 Bc6 27.Nxc5 Nexd6 28.Nd4 
Ne7 29.exd6 Rxd6 30.Nde6 Rf7 31.Rb3 Nf5 32.Rb8+ Bf8 33.Nd8 Nh4 34.Re6 Nf3+
35.Kh1 Nd4+ 36.Bg2 Bxg2+ 37.Kxg2 Nxe6 38.Ncxe6 Rf6 39.Ng5 Rf5 40.Nge6 Rf6 
41.Ng5 Rf5 42.Nge6 f3+ 43.Kg3 Rd1 44.Nf4 Rxf4 0-1

[Event "EU-chT Seniors 05th"]
[Site "Dresden"]
[Date "2003.02.24"]
[Round "2.3"]
[White "Wade, Robert Graham"]
[Black "Haakert, Juergen"]
[Result "0-1"]
[WhiteElo "2213"]
[BlackElo "2414"]
[EventDate "2003.02.23"]
[PlyCount "128"]

1.d4 f5 2.Nc3 Nf6 3.Bg5 d5 4.e3 Be6 5.Nh3 Bf7 6.Bxf6 exf6 7.Bd3 Qd7 8.Nf4 
Nc6 9.Qf3 O-O-O 10.a3 Kb8 11.h4 h5 12.Nfe2 Ne7 13.Bb5 c6 14.Bd3 g6 15.b4 
Nc8 16.O-O Nd6 17.Rfb1 Ne4 18.Bxe4 dxe4 19.Qg3+ Bd6 20.f4 exf3 21.Qxf3 
Rhe8 22.b5 c5 23.b6 a6 24.Rd1 Qc6 25.Qxc6 bxc6 26.Kf2 cxd4 27.Rxd4 Bc5 28.
Rxd8+ Rxd8 29.Na4 Be7 30.Nd4 Kb7 31.Rb1 Bxa3 32.Nb3 Bxb3 33.Rxb3 Be7 34.
Ke2 Rd5 35.c4 Re5 36.Kf3 Ra5 37.Nb2 Ra3 38.Rxa3 Bxa3 39.Na4 c5 40.e4 fxe4+
41.Kxe4 Kc6 42.Kf3 Bb4 43.Ke4 Be1 44.Kf3 Ba5 45.g4 hxg4+ 46.Kxg4 Bxb6 47.
h5 f5+ 48.Kg5 gxh5 49.Kxf5 Bd8 50.Kf4 h4 51.Kf3 Bf6 52.Kf4 Bd8 53.Kg4 Kd6 
54.Kf4 Be7 55.Nb6 a5 56.Nd5 Bd8 57.Nc3 Ke6 58.Na4 Be7 59.Nc3 h3 60.Kg3 Ke5
61.Nb5 Ke4 62.Na7 a4 63.Kxh3 Bf6 64.Nb5 Bb2 0-1

[Event "EU-chT Seniors 05th"]
[Site "Dresden"]
[Date "2003.02.24"]
[Round "2.4"]
[White "Barnstedt, Dietrich"]
[Black "Bebchuk, Evgeni"]
[Result "0-1"]
[WhiteElo "2154"]
[BlackElo "2305"]
[EventDate "2003.02.23"]
[PlyCount "77"]

1.d4 Nf6 2.Nf3 e6 3.Bg5 d5 4.Nbd2 Be7 5.e3 Nbd7 6.Bd3 h6 7.Bxf6 Bxf6 8.O-O
c5 9.c3 O-O 10.Qe2 Re8 11.e4 dxe4 12.Nxe4 cxd4 13.Nxf6+ Nxf6 14.Nxd4 e5 
15.Nb3 Qc7 16.Bb5 Re7 17.Qe3 b6 18.Rad1 Bb7 19.Bd3 Nd5 20.Qe4 g6 21.Qh4 
Nf4 22.Qxh6 Bxg2 23.Rfe1 Rd7 24.Re3 Rad8 25.Nc1 e4 26.Rde1 f5 27.Bc4+ Qxc4
28.Qxf4 Bf3 29.Qg5 Kf7 30.Ne2 Bxe2 31.R1xe2 Rh8 32.Rg3 Rd1+ 33.Kg2 Rg8 34.
Rge3 Qxa2 35.Rxe4 fxe4 36.Rxe4 Rg1+ 37.Kxg1 Qb1+ 38.Kg2 Qxe4+ 39.f3 0-1

[Event "EU-chT Seniors 05th"]
[Site "Dresden"]
[Date "2003.02.24"]
[Round "2.4"]
[White "Betz, Egon"]
[Black "Keller, Lothar"]
[Result "1/2-1/2"]
[WhiteElo "2031"]
[BlackElo "2016"]
[EventDate "2003.02.23"]
[PlyCount "26"]

1.e4 c5 2.Nc3 g6 3.f4 Bg7 4.Nf3 e6 5.Bc4 Ne7 6.O-O O-O 7.e5 d5 8.exd6 Nf5 
9.Qe2 Nc6 10.Ne4 Ncd4 11.Nxd4 Bxd4+ 12.Kh1 Nxd6 13.c3 Bg7 1/2-1/2

[Event "EU-chT Seniors 05th"]
[Site "Dresden"]
[Date "2003.02.24"]
[Round "2.4"]
[White "Brameyer, Hermann"]
[Black "Kneschke, Hansjuergen"]
[Result "1-0"]
[WhiteElo "2282"]
[BlackElo "1940"]
[EventDate "2003.02.23"]
[PlyCount "71"]

1.d4 Nf6 2.Nf3 g6 3.c4 Bg7 4.Nc3 d5 5.Bf4 O-O 6.e3 c6 7.h3 Nbd7 8.Rc1 e6 
9.Be2 dxc4 10.Bxc4 Nb6 11.Bb3 Nfd5 12.Be5 Nxc3 13.Rxc3 Nd5 14.Rc5 Nf6 15.
O-O Re8 16.Rc2 Qe7 17.Qd3 Bd7 18.Rd1 Rad8 19.Bc7 Rc8 20.Bg3 Nd5 21.a3 Red8
22.e4 Nb6 23.Bh4 Bf6 24.Bxf6 Qxf6 25.Qe3 Be8 26.Rdc1 Ra8 27.e5 Qg7 28.Ng5 
Nd5 29.Qg3 Ne7 30.Rd1 Nf5 31.Qf4 Qh6 32.Rcd2 Qh4 33.g4 Ng7 34.Kg2 c5 35.d5
exd5 36.Rxd5 1-0

[Event "EU-chT Seniors 05th"]
[Site "Dresden"]
[Date "2003.02.24"]
[Round "2.4"]
[White "Flockhart, Hugh"]
[Black "Reinholz, Siegfried"]
[Result "1/2-1/2"]
[WhiteElo "1724"]
[BlackElo "1901"]
[EventDate "2003.02.23"]
[PlyCount "37"]

1.e4 e5 2.Nf3 Nf6 3.Bd3 Nc6 4.O-O Bc5 5.c3 a6 6.Bc2 d6 7.d4 exd4 8.cxd4 
Bb6 9.h3 h6 10.Nc3 Bd7 11.Re1 Qc8 12.e5 dxe5 13.dxe5 Ng8 14.Be3 Bxe3 15.
Rxe3 Nge7 16.Rc1 Bf5 17.Ne4 Bxe4 18.Bxe4 Qe6 19.Bc2 1/2-1/2

[Event "EU-chT Seniors 05th"]
[Site "Dresden"]
[Date "2003.02.24"]
[Round "2.4"]
[White "Kalmutzki, Manfred"]
[Black "Kuehn, Peter2"]
[Result "1/2-1/2"]
[WhiteElo "1786"]
[BlackElo "1992"]
[EventDate "2003.02.23"]
[PlyCount "47"]

1.d4 f5 2.e3 Nf6 3.f4 e6 4.Nf3 Be7 5.Bd3 b6 6.Nbd2 Bb7 7.Qe2 Ne4 8.O-O O-O
9.c4 d6 10.Bc2 Nd7 11.Nxe4 fxe4 12.Nd2 d5 13.b3 Rf6 14.Nb1 Qe8 15.Nc3 c6 
16.a4 a5 17.Ba3 Bxa3 18.Rxa3 Qf7 19.Raa1 Ba6 20.Bxe4 dxe4 21.Nxe4 Rh6 22.
g4 Rg6 23.h4 h5 24.g5 1/2-1/2

[Event "EU-chT Seniors 05th"]
[Site "Dresden"]
[Date "2003.02.24"]
[Round "2.4"]
[White "Ofstad, Per"]
[Black "Zanger, Konrad"]
[Result "1/2-1/2"]
[WhiteElo "2210"]
[BlackElo "1624"]
[EventDate "2003.02.23"]
[PlyCount "51"]

1.e4 e5 2.Nf3 Nc6 3.d4 exd4 4.Nxd4 Bc5 5.Nb3 Be7 6.Nc3 d6 7.Bd3 Nf6 8.O-O 
O-O 9.Bf4 a6 10.Re1 Ne5 11.Bf1 Re8 12.h3 h6 13.Qd2 Bf8 14.Rad1 Be6 15.Nd4 
g5 16.Bh2 Bg7 17.Nxe6 Rxe6 18.Bd3 Re8 19.f4 Nxd3 20.cxd3 g4 21.e5 dxe5 22.
fxe5 Nh7 23.hxg4 Qd4+ 24.Qf2 Qxg4 25.Re4 Qg6 26.Rde1 1/2-1/2

[Event "EU-chT Seniors 05th"]
[Site "Dresden"]
[Date "2003.02.24"]
[Round "2.4"]
[White "Piekarz, Peter"]
[Black "Wieckowski, Ryszard"]
[Result "1/2-1/2"]
[WhiteElo "2011"]
[BlackElo "1929"]
[EventDate "2003.02.23"]
[PlyCount "68"]

1.c4 c5 2.g3 Nc6 3.Bg2 Nf6 4.Nc3 g6 5.Nf3 Bg7 6.O-O O-O 7.d4 cxd4 8.Nxd4 
Nxd4 9.Qxd4 d6 10.Bg5 h6 11.Bxf6 Bxf6 12.Qd2 Bg7 13.Rfd1 Bxc3 14.Qxc3 Qc7 
15.Rac1 Qb6 16.Rd5 a6 17.b3 Be6 18.Rd4 Rac8 19.Qd2 h5 20.Rd1 Rc7 21.Qh6 
Qc5 22.Be4 Bf5 23.Rd5 Bxe4 24.Rxc5 Rxc5 25.f3 Bf5 26.Kf2 b5 27.cxb5 axb5 
28.Qe3 Be6 29.Rc1 Rfc8 30.Rd1 Ra8 31.Rd2 Rac8 32.Qd4 Rd5 33.Qb2 Rdc5 34.
Qd4 Rd5 1/2-1/2

[Event "EU-chT Seniors 05th"]
[Site "Dresden"]
[Date "2003.02.24"]
[Round "2.4"]
[White "Schwier, Manfred"]
[Black "Prelovskij, Rudolf"]
[Result "0-1"]
[WhiteElo "2070"]
[BlackElo "2171"]
[EventDate "2003.02.23"]
[PlyCount "116"]

1.e4 c5 2.f4 e6 3.Nf3 Nf6 4.d3 d5 5.e5 Nfd7 6.c3 Nc6 7.Be2 Be7 8.O-O O-O 
9.Kh1 f6 10.d4 cxd4 11.cxd4 a6 12.Nc3 b5 13.Bd3 f5 14.Be3 Nb6 15.b3 Bd7 
16.Rf2 Rc8 17.Ne2 Ba3 18.Neg1 Qe7 19.g4 Nb4 20.gxf5 Nxd3 21.Qxd3 Rxf5 22.
Ne2 Be8 23.Rg1 Bg6 24.Rxg6 hxg6 25.Ng5 Nd7 26.Ng3 Nf8 27.Nxf5 gxf5 28.Rc2 
Qe8 29.Qe2 Be7 30.Kg2 Rxc2 31.Qxc2 Qh5 32.h3 Bxg5 33.fxg5 Ng6 34.Qf2 Qd1 
35.Qd2 Qb1 36.Kg3 Qe4 37.Bf4 Qb1 38.Be3 b4 39.Qf2 Qd3 40.Kh2 Qe4 41.Bd2 a5
42.Bc1 Qd3 43.Be3 Qd1 44.Qg1 Qc2+ 45.Qf2 Qe4 46.Bc1 Ne7 47.Be3 Nc6 48.Kg3 
Qd3 49.Kh2 g6 50.Kg2 Na7 51.Qd2 Qe4+ 52.Kh2 Nb5 53.Qe2 Nxd4 54.Qa6 Qxe5+ 
55.Kh1 Qe4+ 56.Kh2 Qc2+ 57.Kg3 f4+ 58.Bxf4 Nf5+ 0-1

[Event "EU-chT Seniors 05th"]
[Site "Dresden"]
[Date "2003.02.24"]
[Round "2.4"]
[White "Siegmund, Rainer"]
[Black "Bhend, Edwin"]
[Result "1/2-1/2"]
[WhiteElo "2111"]
[BlackElo "2240"]
[EventDate "2003.02.23"]
[PlyCount "39"]

1.d4 f5 2.g3 Nf6 3.Bg2 g6 4.c4 Bg7 5.Nh3 d6 6.d5 c6 7.Nc3 e5 8.dxe6 Bxe6 
9.Bf4 Bxc4 10.Qxd6 Qxd6 11.Bxd6 Nbd7 12.O-O Nb6 13.Rfd1 O-O-O 14.Be5 Rhe8 
15.Rxd8+ Rxd8 16.b3 Bg8 17.Rd1 Rxd1+ 18.Nxd1 Ne8 19.Bxg7 Nxg7 20.Nc3 
1/2-1/2

[Event "EU-chT Seniors 05th"]
[Site "Dresden"]
[Date "2003.02.24"]
[Round "2.4"]
[White "Titz, Herbert"]
[Black "Neese, Hans Joachim"]
[Result "0-1"]
[WhiteElo "2086"]
[BlackElo "2252"]
[EventDate "2003.02.23"]
[PlyCount "68"]

1.Nf3 d5 2.b3 Nf6 3.Bb2 c5 4.e3 a6 5.a4 Nc6 6.d4 Bg4 7.Be2 e6 8.Nbd2 Rc8 
9.Ba3 Qb6 10.O-O cxd4 11.Bxf8 Kxf8 12.Nxd4 Nxd4 13.Bxg4 Nxg4 14.Qxg4 Nxc2 
15.Rac1 Rc6 16.Qg3 Qc7 17.Qxc7 Rxc7 18.Nc4 dxc4 19.Rxc2 Ke7 20.Rfc1 Rhc8 
21.bxc4 Rc5 22.Kf1 Ra5 23.Ke2 Rxa4 24.Kd3 Kd6 25.Rb1 Kc7 26.Rcb2 Rb8 27.
Kc3 Ra5 28.Rd1 Rc8 29.Kb4 b6 30.Rbd2 Kb7 31.Rb2 Rc7 32.Rd6 Rac5 33.Ka4 
Rxc4+ 34.Ka3 Rc3+ 0-1

[Event "EU-chT Seniors 05th"]
[Site "Dresden"]
[Date "2003.02.24"]
[Round "2.4"]
[White "Tochtermann, Georg"]
[Black "Appelt, Gerd"]
[Result "0-1"]
[WhiteElo "2012"]
[BlackElo "1915"]
[EventDate "2003.02.23"]
[PlyCount "144"]

1.e4 e5 2.Nf3 Nc6 3.Bb5 a6 4.Ba4 Nf6 5.d3 d6 6.c3 g6 7.O-O Bg7 8.h3 O-O 9.
Re1 b5 10.Bb3 Na5 11.Bc2 c5 12.Nbd2 Nc6 13.Nf1 Be6 14.Ng5 Bd7 15.Nf3 Ne8 
16.Bb3 Kh8 17.Bg5 f6 18.Be3 Nc7 19.Qd2 a5 20.Bh6 Qe7 21.Bxg7+ Qxg7 22.Ne3 
a4 23.Bd5 Nxd5 24.Nxd5 Be6 25.Ne3 Qf7 26.Nh2 Rad8 27.f3 d5 28.exd5 Bxd5 
29.Qe2 Be6 30.a3 f5 31.Nc2 Bb3 32.Rec1 Rfe8 33.Qe3 Qe7 34.Ne1 Rd7 35.Nf1 
Red8 36.Nd2 Bf7 37.Rd1 Na5 38.g3 Qd6 39.h4 Qc7 40.Qg5 Kg7 41.Kf2 c4 42.Qe3
cxd3 43.h5 Qa7 44.h6+ Kf6 45.Qxa7 Rxa7 46.Ng2 Nc4 47.Nxc4 bxc4 48.Rd2 g5 
49.Re1 Rb7 50.Ne3 Rdb8 51.Nd1 Bh5 52.g4 fxg4 53.fxg4 Bxg4 54.Ne3 Be6 55.
Nd1 Bd5 56.Kg3 Re7 57.Rf2+ Kg6 58.Rh2 Rf8 59.Rf2 Rxf2 60.Nxf2 e4 61.Nd1 
Re5 62.Ne3 Be6 63.Rh1 Rb5 64.Rh2 Rb7 65.Nd1 Rf7 66.Kg2 Rf3 67.Rh1 g4 68.
Re1 Kf5 69.Ne3+ Kf4 70.Nf1 e3 71.Rb1 Rf2+ 72.Kg1 Bd5 0-1

[Event "EU-chT Seniors 05th"]
[Site "Dresden"]
[Date "2003.02.24"]
[Round "2.4"]
[White "Winiwarter, Felix"]
[Black "Monte, Peter"]
[Result "0-1"]
[WhiteElo "2185"]
[BlackElo "2114"]
[EventDate "2003.02.23"]
[PlyCount "60"]

1.e4 e6 2.d4 d5 3.Nc3 Bb4 4.e5 c5 5.a3 Bxc3+ 6.bxc3 Qc7 7.Qg4 Ne7 8.Qxg7 
Rg8 9.Qxh7 cxd4 10.Ne2 Nbc6 11.f4 Bd7 12.Qd3 dxc3 13.Nxc3 a6 14.Rb1 Na5 
15.h4 O-O-O 16.Rh3 Nf5 17.h5 Nc4 18.h6 Rg6 19.h7 Rh8 20.Qf3 Nce3 21.Bxe3 
Qxc3+ 22.Bd2 Qxf3 23.Rxf3 Rxh7 24.Bxa6 Bc6 25.Rb6 Rxg2 26.Rxc6+ Kd7 27.
Bxb7 Nd4 28.Rd6+ Ke7 29.Bb4 Rh1+ 30.Rf1 Re2+ 0-1

[Event "EU-chT Seniors 05th"]
[Site "Dresden"]
[Date "2003.02.24"]
[Round "2.4"]
[White "Zunker, Reinhard"]
[Black "Wheeler, John Francis"]
[Result "1/2-1/2"]
[WhiteElo "2194"]
[BlackElo "2208"]
[EventDate "2003.02.23"]
[PlyCount "45"]

1.e4 e5 2.Nf3 Nf6 3.Nc3 Nc6 4.d4 exd4 5.Nxd4 Bb4 6.Nxc6 bxc6 7.Bd3 O-O 8.
O-O d5 9.Bg5 Bxc3 10.bxc3 dxe4 11.Bxf6 Qxf6 12.Bxe4 Qxc3 13.Qf3 Qxf3 14.
Bxf3 Bf5 15.Bxc6 Rad8 16.Ba4 Rd2 17.Rfd1 Rfd8 18.Rxd2 Rxd2 19.Rc1 Kf8 20.
Kf1 Ke7 21.Ke1 Rd4 22.Bb3 Be6 23.Rd1 1/2-1/2

[Event "EU-chT Seniors 05th"]
[Site "Dresden"]
[Date "2003.02.25"]
[Round "3.1"]
[White "Baumgartner, Heinz"]
[Black "Hampel, Johannes"]
[Result "1/2-1/2"]
[WhiteElo "2381"]
[BlackElo "2003"]
[EventDate "2003.02.23"]
[PlyCount "48"]

1.Nf3 d5 2.g3 Nf6 3.Bg2 e6 4.O-O Be7 5.d4 O-O 6.c4 dxc4 7.Nbd2 b5 8.a4 c6 
9.Qc2 Qa5 10.Ne4 Nbd7 11.Bg5 b4 12.Qxc4 Ba6 13.Qc2 Rac8 14.Bxf6 gxf6 15.
Qd2 Qh5 16.Rfc1 f5 17.Nc5 Nxc5 18.dxc5 Rfd8 19.Qe3 Bf6 20.Rc2 Rc7 21.Rd2 
Rcd7 22.Rad1 Rxd2 23.Rxd2 Rxd2 24.Qxd2 Qg4 1/2-1/2